| 000 | 00895cam a2200265 a 4500 | ||
|---|---|---|---|
| 999 |
_c129308 _d129308 |
||
| 001 | 3308261 | ||
| 003 | ARRUPE | ||
| 005 | 20190329104227.0 | ||
| 008 | 860407s1979 enk 000 0aeng | ||
| 010 | _a 83220456 | ||
| 020 | _a0334018080 | ||
| 040 |
_aDLC _cDLC _dDLC |
||
| 050 | 0 | 0 |
_aBX5199.S96 _bA38 1979 |
| 100 | 1 |
_aSyms, Richard. _945546 |
|
| 245 | 1 | 0 |
_aWorking like the rest of us : _ban alternative ministry / _cRichard Syms. |
| 260 |
_aLondon : _bSCM Press, _c1979. |
||
| 300 |
_a96 p. ; _c20 cm. |
||
| 600 | 1 | 0 |
_aSyms, Richard. _945546 |
| 610 | 2 | 0 |
_aChurch of England _xClergy _xBiography. _945547 |
| 610 | 2 | 0 |
_aChurch of England _xControversial literature. _945548 |
| 650 | 0 |
_aAnglican Communion _xControversial literature. _945549 |
|
| 650 | 0 |
_aActors _zGreat Britain _vBiography. _945550 |
|
| 650 | 0 |
_aChurch and the world. _945551 |
|
| 906 |
_a7 _bcbc _corignew _d4 _encip _f19 _gy-gencatlg |
||
| 942 |
_2lcc _cMONOGRAPH |
||